Finis les paroles #1 (français) - Statistiques

Statistiques générales
  • Ce quiz a été pris 504 fois
  • Le résultat moyen est 7 sur 15
Statistiques - réponses
Hint Réponse % Correct
J'irai chercher ton âme dans les froids dans... les flammes
81%
Pis donner à bouffer à des pigeons idiots, leur donner des coups de pieds... pour de faux
80%
Oh j'vais tout casser si vous touchez, Au fruit de mes... entrailles
78%
Elle n'a qu'à ouvrir l'espace de ses bras pour... tout reconstruire
65%
Moi je t'offrirai des perles de pluie, venues de pays où il... ne pleut pas
53%
Nous nous aimions le temps d'une... chanson
50%
Il y a du linge étendu sur la terrasse, et c'est... joli
44%
et l'on s'aimera encore, lorsque l'amour... sera mort
44%
Peu m'importe, si tu m'aimes, je me fous... du monde entier
43%
J'ai oublié les rêves et les mercis, toutes ces choses qui... avaient un prix
42%
Sur toi, je remonte le drap, j'ai peur que tu aies froid, ... comme d'habitude
41%
La mer qu'on voit danser le long des golfes.... clairs
26%
J'aurais voulu être un auteur, pour pouvoir... inventer ma vie
19%
La place Rouge était vide, Devant moi marchait... Nathalie
19%
Il manque quelqu'un près de moi, je me retourne... tout le monde est là
14%
Aucun quiz correspondant
Distribution des résultats
% des personnes avec chaque résultat
Percentile par nombre de réponses
Votre historique - résultats
Vous n’avez pas pris ce quiz